000 00781nam a2200289Ia 4500
001 dia_5210
003 CHAP
005 20230720125433.0
008 220117s1988 xx 000 0 und d
010 _a176101
020 _a968-18-2737-6
040 _cCHAP
082 _a657.42 R494 1988
100 _aReyes Pérez, Ernesto
_9157890
245 _aContabilidad de costos : segundo curso \ Ernesto Reyes Pérez
250 _a3a ed.
260 _aMéxico :
_b Limusa,
_c1988
300 _a223 p.
503 _aC/e
590 _aHF5686.C8 R494 1988
650 _aControl de costos
_9157891
650 _aCostos
_9145513
901 _a657.42 R494 1988
902 _aA
905 _a5232271988 mx mn 8222223322spa16
942 _cLIBRO
_2ddc
999 _c176101
_d176101